Tamba pottery : The timeless art of a Japanese village

Contents: TAMBA-a remote and mountainous area lying to the northeast of Kyoto and Osaka-is the center of an ancient tradition of pottery that is still vigorous today

Saved in:
Bibliographic Details
Main Author: Rhodes, Daniel
Format: Book
Language:Undetermined
Published: Tokyo Kodansha International LTD 1970
Subjects:
Tags: Add Tag
No Tags, Be the first to tag this record!
Institutions: Trung tâm Học liệu Trường Đại học Cần Thơ
LEADER 00697nam a2200193Ia 4500
001 CTU_221881
008 210402s9999 xx 000 0 und d
082 |a 738.095219 
082 |b R476 
100 |a Rhodes, Daniel 
245 0 |a Tamba pottery : 
245 4 |b The timeless art of a Japanese village 
260 |a Tokyo 
260 |b Kodansha International LTD 
260 |c 1970 
520 |a Contents: TAMBA-a remote and mountainous area lying to the northeast of Kyoto and Osaka-is the center of an ancient tradition of pottery that is still vigorous today 
650 |a Tanba pottery,Đồ gốm Tanba 
904 |i Tuyến 
980 |a Trung tâm Học liệu Trường Đại học Cần Thơ